Impressionist paintings : in the louvre

Αποθηκεύτηκε σε:
Λεπτομέρειες βιβλιογραφικής εγγραφής
Κύριος συγγραφέας: Bazin, Germain
Μορφή: Βιβλίο
Γλώσσα:English
Δημοσίευση: London : Thames and Hudson, 1969
Θέματα:
Ετικέτες: Προσθήκη ετικέτας
Δεν υπάρχουν, Καταχωρήστε ετικέτα πρώτοι!

MARC

LEADER 00000nam a2200000 i 4500
001 1/43414
008 961106s1969 eng d
020 |a 0-500-18003-2 (cloth) 
035 |l 10025774 
040 |a GR-MY-UA  |b gre  |e aacr 
041 0 |a eng 
082 0 |a 759.054 
100 1 |a Bazin, Germain. 
245 1 0 |a Impressionist paintings :  |b in the louvre /  |c Germain Bazin 
260 |a London :   |b Thames and Hudson,   |c 1969 
300 |a 320 p. 
500 |a Include index 
650 0 0 |a Painting  |y 19th century. 
650 0 0 |a Impressionism (Art)  |z France. 
852 |a INST  |b CHIOS  |e 19961106  |h 759.054 BAZ  |p 005200011102  |q 005200011102  |t BK  |y 0 
909 |a Χ  |b 047795